000 00614nam a2200229Ia 4500
003 OSt
005 20221005122817.0
006 a|||||r|||| 00| 0
007 ta
008 221004b |||||||| |||| 00| 0 eng d
024 _a57293
037 _cTextual
040 _aCRL
_cCRL
_beng
041 _2eng
_aeng
082 _aV2:120241:N5, K2
100 _aKrishna Menon V K
245 0 _aKashmir
_b Speeches in the security council on May 3 and May 4, 1962.
260 _c1962
650 _aHISTORY
942 _hV2:120241:N5, K2
_cTEXL
_2cc
999 _c1045458
_d1045458